Missing Word: Bible Men in Movie Titles Quiz Stats

Quiz Updated Jan 11, 2015

Challenge
Share
Tweet
Embed
Score 0/14 Timer 02:00
3 Plays Today
Title Missing Word % Correct
The _____ Crown Affair (1968)Thomas
89%
_____'s Ladder (1990)Jacob
85.3%
_____ Blart: Mall Cop (2009)Paul
79.9%
Private _____ (1980)Benjamin
73.3%
King _____'s Mines (1985)Solomon
72.5%
The Book of _____ (2010)Eli
64.8%
_____ Clayton (2007)Michael
55.4%
Title Missing Word % Correct
Wholly _____! (1980)Moses
47.7%
The Nut _____ (2014)*Job
46.6%
The Life of _____ Gale (2003)David
41.6%
_____ Birch (1998)Simon
38.3%
_____ Hex (2010)Jonah
34.6%
A _____ Like Love (2005)Lot
29.6%
Young _____ (2003)Adam
24.9%

Today's Daily Dose

You're not logged in!

Compare scores with friends on all Sporcle quizzes.
Sign Up with Email
OR
Log In

You Might Also Like...

Show Comments

Extras

Top Quizzes Today


Score Distribution

Your Account Isn't Verified!

In order to create a playlist on Sporcle, you need to verify the email address you used during registration. Go to your Sporcle Settings to finish the process.